Santiago Calatrava - inžinier na ceste k umeleckej abstrakcii

Bibliographic Details
Main Author: Petránsky, Ľudovít, 1943-2021 (Author)
Format: Article
Language:Slovak
PhysicalDescription:Fotogr.
ISSN:1335-1230
Subjects:

MARC

LEADER 00000nab a2200000 a 4500
001 vtls010025311
003 SK-MaSNL
005 20260303045333.0
008 140328c2009 xo zr|p|||||||000 b|slo
015 |a SNBRB2009/11  |2 snkbucl 
038 |a SNKBUCL 
040 |a SNKBUCL  |b slo  |c SNKBUCL  |e AACR2 
041 0 |a slo  |b eng 
044 |a xo  |c SK 
080 |a 72.071.1  |2 2001 
100 1 |a Petránsky, Ľudovít,  |d 1943-2021  |4 aut  |9 92780 
245 1 0 |a Santiago Calatrava - inžinier na ceste k umeleckej abstrakcii  |c Ľudo Petránsky 
300 |b Fotogr. 
500 |a Mimoriadne číslo časopisu ASB 
504 |a Biogr. údaje 
546 |a Res. angl. 
600 1 7 |a Calatrava, Santiago,  |d 1951-  |2 snkbucl  |9 1035804 
773 0 |t ASB špeciál  |g Roč. XVI (2009), s. 62-69  |x 1335-1230 
852 |a SNK  |b KIS3GCP 
958 |a ES 
999 |c 1703413  |d 1705343